| 000 | 01003cam a2200301 i 4500 | ||
|---|---|---|---|
| 999 |
_c200441888 _d60100 |
||
| 003 | TR-AnTOB | ||
| 005 | 20231204171031.0 | ||
| 007 | ta | ||
| 008 | 020723s2000 tu d 000 0 tur d | ||
| 040 |
_aTR-AnTOB _beng _erda _cTR-AnTOB |
||
| 041 | 0 | _atur | |
| 050 | 4 |
_bHD9685.T92 _aT87 2000 |
|
| 090 |
_aHD9685.T92 _bT87 2000 |
||
| 245 | 0 | 0 |
_aTürkiye elektrik ve elektronik sanayiinin ihracat imkanları : _cuzmanlık tezi / _bhazırlayan Tolga Taylan. |
| 264 | 1 |
_aAnkara : _bİGEME, _c2000. |
|
| 300 |
_aiii, 229 pages : _btables ; _c28 cm |
||
| 336 |
_2rdacontent _atext _btxt |
||
| 337 |
_2rdamedia _aunmediated _bn |
||
| 338 |
_2rdacarrier _avolume _bnc |
||
| 504 | _aBIB | ||
| 650 | 0 |
_aElektrik endüstrisi _zTürkiye _9109239 |
|
| 650 | 7 |
_aElektronik endüstrisi _zTürkiye _2etuturkob _970829 |
|
| 700 | 1 |
_aTaylan, Tolga _eeditor _9129093 |
|
| 710 | 2 |
_aİhracatı Geliştirme Etüd Merkezi (Türkiye) _933777 |
|
| 942 |
_2lcc _cBK |
||